000 01409nam0a2200313 4500
001 RU\NLR\BIBL_A\012789983
005 20250624160436.0
021 _aRU
_b88-75023
_92174
035 _a(NLR Aleph) 012789983
090 _a13149938
_c13149938
100 _a20220517d1988 |||y0rusy50 ca
101 2 _arus
_cger
102 _aRU
105 _aa z 000zy
181 0 _ai3
_baxxe
182 0 _an
200 1 _aОценка надежности систем с использованием графов
_fК. Райншке, И. А. Ушаков
_gперевод с немецкого выполнен М. Г. Коноваловым
_gпод редакцией профессора И. А. Ушакова
203 _aТекст
_bвизуальный
_cнепосредственный
210 _aМосква
_cРадио и связь
_d1988
215 _a208, [1] с.
_cил., табл.
_d22
320 _aБиблиогр.: с. 207-208 (52 назв.) и в подстроч. примеч.
606 _aТехнические системы сложные
_xНадежность
_xРасчет
_xГрафов метод
_92514249
_3RU\NLR\AUTH\6601705146
686 1 _aЗ817-021.1
700 1 _aРайншке
_bК.
_gКурт
701 1 _aУшаков
_bИ. А.
_f1935-
_gИгорь Алексеевич
942 _cBOOK
980 _aNB